01010nam a2200253 a 450000100100000000500170001000800410002702000150006804000250008308200130010824500980012126000270021930000360024649000250028250400740030750400540038170000340043570000330046970000340050271000600053683000320059695201110062899900170073900004196820201002035847.0090819s1987 sp ac 000 0 spa d a8400067312 aDO-SdBNPbspacBNPHU axxxbxxx00aPerspectivas psiquiátricas /ccoordinadores Rafael Huertas, Ana I. Romero, Raquel Alvarez,. aMadrid :bCSIC,c1987. a278 p. :bil., retrs. ;c25 cm.1 aNuevas tendenciasv6 aIncluye referencias biobliográficas y notas al pie de las páginas aIncluye bibliografía al final de los capítulo1 aHuertas, Rafaelecoor.96889412aRomero, Ana I.ecoor.9688951 aAlvarez Pelaez, Raquel9688962 aConsejo Superior de Investigaciones Científicas94786 0aNuevas tendenciasn6968897 001050718MOaGRbGRcCTd2013-10-25iLF1l0oxxx xxxp41968-10r2020-06-25w2020-06-25y1ZNo se presta c41457d41457